| 000 | 00555nam a2200193Ia 4500 | ||
|---|---|---|---|
| 005 | 20260429112156.0 | ||
| 008 | 260429s9999||||xx |||||||||||||| ||und|| | ||
| 020 | _a9783031218521 | ||
| 041 | _aEnglish | ||
| 082 |
_a515.353 _bSAL |
||
| 100 | _aSalsa, Sandro | ||
| 245 | 0 |
_aPartial differential equations in action : _bfrom modelling to theory / _cSandro Salsa |
|
| 250 | _a4th ed. | ||
| 260 |
_aSwitzerland : _bSpringer, _c2022. |
||
| 300 | _axviii, 677 p.; pbk | ||
| 650 | _aDifferential equations | ||
| 700 | _a Verzini, Gianmaria | ||
| 942 | _cTB | ||
| 999 |
_c52734 _d52734 |
||